Visualizzazione normale
Vista MARC
- Glahé Will
di Personal Name
Records bibliografici associati: 1
001 - CONTROL NUMBER
- control field: 9154
003 - CONTROL NUMBER IDENTIFIER
- control field: IT-RoPau
005 - DATE AND TIME OF LATEST TRANSACTION
- control field: 20140113215000.0
008 - FIXED-LENGTH DATA ELEMENTS
- fixed length control field: 140113|| aca||aabn | a|a d
040 ## - CATALOGING SOURCE
- Original cataloging agency: IT-RoPau
- Transcribing agency: IT-RoPau
100 ## - HEADING--PERSONAL NAME
- Personal name: Glahé Will
- Miscellaneous information: Codice interprete SPICS: 8033
- Relator term: Interprete
670 ## - SOURCE DATA FOUND
- Source citation: Work cat.: (IT-RoPau)99542: AA.VV. 794, Oktoberfest-Will Glahè and His Orchestra-Music and Sound Effects of This Famous Festival